| 000 | 01085nam a22002297a 4500 | ||
|---|---|---|---|
| 005 | 20080606142130.0 | ||
| 008 | 080610t xxu||||| |||| 00| p hin | ||
| 010 | _aHIN-83363 | ||
| 020 |
_a8188134821 _c200.00 |
||
| 035 | _aHN-55709 | ||
| 037 | _bDBAD / PUB | ||
| 082 | _a 821 | ||
| 100 | _aजोशी, मृदुल | ||
| 245 |
_aगुम हो गए अर्थ की तलाश में / _cमृदुल जोशी |
||
| 246 |
_aGum ho gai arth kee talaash mein _bby Mridul Joshi |
||
| 260 |
_aनई दिल्ली _bसत्यम पब्लिशिंग हाउस _c2007 |
||
| 270 |
_aएन-3/25 मोहन गार्डन _bनई दिल्ली _e110059 _k011 25358642 |
||
| 300 |
_a134पृ _c22 सेमी (सजिल्द) |
||
| 650 | _aHindi Poetry | ||
| 942 |
_2ddc _cHN _h 821 _m जोशीमृ |
||
| 999 |
_c13376 _d13376 |
||